With the frogs / (Record no. 32577)
[ view plain ]
| 000 -LEADER | |
|---|---|
| fixed length control field | 00999nam a22002414a 4500 |
| 005 - DATE AND TIME OF LATEST TRANSACTION | |
| control field | 20091211153011.0 |
| 008 - FIXED-LENGTH DATA ELEMENTS--GENERAL INFORMATION | |
| fixed length control field | 020917s2003 nyua b 000 1 eng |
| 020 ## - INTERNATIONAL STANDARD BOOK NUMBER | |
| International Standard Book Number | 9780375846687 |
| Terms of availability | 100.00 |
| 037 ## - SOURCE OF ACQUISITION | |
| Source of stock number/acquisition | Blueberry Books |
| 040 ## - CATALOGING SOURCE | |
| Original cataloging agency | dpl |
| Language of cataloging | English |
| 082 ## - DEWEY DECIMAL CLASSIFICATION NUMBER | |
| Classification number | S |
| 100 ## - MAIN ENTRY--PERSONAL NAME | |
| Personal name | Greenburg, J. C. |
| Fuller form of name | (Judith C.) |
| 245 ## - TITLE STATEMENT | |
| Title | With the frogs / |
| Statement of responsibility, etc | by J.C. Greenburg ; illustrated by Jan Gerardi |
| 260 ## - PUBLICATION, DISTRIBUTION, ETC. (IMPRINT) | |
| Place of publication, distribution, etc | New York |
| Name of publisher, distributor, etc | Random House |
| Date of publication, distribution, etc | 2008 |
| 300 ## - PHYSICAL DESCRIPTION | |
| Extent | 86 p. : |
| Other physical details | ill. |
| Dimensions | 20 cm(pbk) |
| 490 ## - SERIES STATEMENT | |
| Series statement | Andrew lost ; |
| Volume number/sequential designation | 18 |
| 500 ## - GENERAL NOTE | |
| General note | "A stepping stone book." |
| 520 ## - SUMMARY, ETC. | |
| Summary, etc | Andrew, his cousin Judy, and Thudd the robot, having been shrunk by a shrinking machine, encounter many terrifying creatures, including Mrs. Scuttle, as they try to reach the Atom Sucker before it explodes. |
| 700 ## - ADDED ENTRY--PERSONAL NAME | |
| Personal name | Gerardi, Jan |
| 942 ## - ADDED ENTRY ELEMENTS (KOHA) | |
| Source of classification or shelving scheme | Dewey Decimal Classification |
| Item type | Children Books |
| Classification part | S |
| Call number suffix | GRE |
| Withdrawn status | Lost status | Source of classification or shelving scheme | Damaged status | Not for loan | Collection code | Home library | Current library | Date acquired | Cost, normal purchase price | Total Checkouts | Full call number | Date last seen | Cost, replacement price | Koha item type |
|---|---|---|---|---|---|---|---|---|---|---|---|---|---|---|
| Dewey Decimal Classification | Fiction | Andrews Gunj | Andrews Gunj | 11/12/2009 | 100.00 | S GRE | 11/12/2009 | 100.00 | Children Books |
